Raça e história (Registo nº 200906)

Detalhes MARC
000 -Etiqueta do registo
Valores 00677nam 22002053 4500
100 ## - Dados gerais de processamento
Dados gerais 20260303d u||y0pory50 ba
200 ## - Titulo e menção de responsabilidade
Título próprio Raça e história
Primeira menção de responsabilidade Claude Lévi Strauss
Outras menções de responsabilidade tradução Inácia Canelas
205 ## - Menção da edição
Edição
210 ## - Publicação
Local de publicação Lisboa
Nome do editor Presença
Data de publicação imp. 1980
215 ## - Descrição física 
Paginação / Volumes 151 p.
Outras indicações físicas brochado
Dimensões 18 cm
225 ## - Colecção 
Título próprio da colecção Biblioteca universal
Número de parte ou secção 8
606 ## - Nome comum usado como assunto
ID Autoridade 2051
Palavra de ordem Antropologia Cultural. Etnologia. Etnografia. Usos e Costumes. Tradições. Modo de vida. Folclore
675 ## - CDU
Notação 39
Edição PT
Língua por
700 ## - Autor principal (pessoa individual)
ID Autoridade 13135
Apelido Lévy-Strauss
Nome Claude
Datas 1908-2009
702 ## - Autor secundário (pessoa individual)
ID Autoridade 16592
Apelido Canelas
Nome Inácia
801 ## - Fonte de origem
País PT
Agência BMMN
Regras de catalogação RPC
830 ## - Notas gerais do catalogador
Criado por Vanda
990 ## - Elementos KOHA
Tipo de documento Livro
Exemplares
Situação do levantamento Biblioteca de origem Código de barras Cota Permissão de empréstimo Tipo de documento Forma de aquisição
  Biblioteca Municipal de Montemor-o-Novo 30164 39 STR|DEP   Livro Compra

Powered by Koha